|
|
|
|
| LEADER |
00000nab#a22000007a#4500 |
| 001 |
arbauad042486 |
| 003 |
AR-BaUAD |
| 005 |
20250711113315.0 |
| 008 |
000208|||||||||###||||||b###|0###a|spa|| |
| 040 |
|
|
|a AR-BaUAD
|c AR-BaUAD
|b spa
|
| 300 |
0 |
|
|b fot., il.
|
| 653 |
|
|
|a DISEÑO GRAFICO
|
| 653 |
|
|
|a DISEÑO EDITORIAL
|
| 653 |
|
|
|a ANUARIOS
|
| 653 |
|
|
|a LIBROS
|
| 653 |
|
|
|a TAPAS DE REVISTAS
|
| 653 |
|
|
|a REVISTAS
|
| 653 |
|
|
|a PUESTA EN PAGINA
|
| 653 |
|
|
|a DIAGRAMACION
|
| 653 |
|
|
|a FOLLETOS
|
| 653 |
|
|
|a CATALOGOS
|
| 653 |
|
|
|a ALMANAQUES
|
| 653 |
|
|
|a ILUSTRACIONES
|
| 653 |
|
|
|a AFICHES
|
| 653 |
|
|
|a PACKAGING
|
| 653 |
|
|
|a PAPELERIA
|
| 653 |
|
|
|a ESTAMPILLAS
|
| 653 |
|
|
|a PROMOCION
|
| 653 |
|
|
|a MERCHANDISING
|
| 653 |
|
|
|a BOLSAS
|
| 653 |
|
|
|a OBJETOS
|
| 653 |
|
|
|a WEB SITES
|
| 653 |
|
|
|a ISOLOGOTIPOS
|
| 653 |
|
|
|a STANDS
|
| 773 |
0 |
|
|t GRAPHIS DESIGN 2000
|g [dic. 1999], p. 13-240
|
| 942 |
|
|
|c ARTI
|
| 952 |
|
|
|0 0
|1 0
|4 0
|7 0
|9 87405
|a AR-BAuAD
|b AR-BAuAD
|d 2025-07-11
|l 0
|p AAQA042486
|r 2025-07-11 11:33:15
|w 2025-07-11
|y ARTI
|
| 990 |
|
|
|a DG199
|b TD
|
| 998 |
|
|
|a AAQ
|b BIBUN76
|
| 999 |
|
|
|c 67078
|d 67078
|